Children with autism: diagnosis and interventions to meet their needs

Պահպանված է:
Մատենագիտական մանրամասներ
Հիմնական հեղինակներ: Trevarthen, Colwyn (Հեղինակ), Aitken, Kenneth (Հեղինակ), Papoudi, Despina (Հեղինակ), Robarts, Jacqueline (Հեղինակ)
Ձևաչափ: Գիրք
Լեզու:անգլերեն
Հրապարակվել է: Londres Jessica Kingsley 1996
Խորագրեր:
Ցուցիչներ: Ավելացրեք ցուցիչ
Չկան պիտակներ, Եղեք առաջինը, ով նշում է այս գրառումը!

MARC

LEADER 00000nam a2200000 a 4500
001 UCO9180
003 CL-VaPUC
008 010119e19960000UK |||||||||||||||||eng|d
082 0 4 |a 618.928982  |b TRE  |2 21 
100 0 |a Trevarthen, Colwyn  |e author  |9 454165 
700 0 |a Aitken, Kenneth  |e author  |9 454166 
700 0 |a Papoudi, Despina  |e author  |9 454167 
700 0 |a Robarts, Jacqueline  |e author  |9 454168 
245 1 0 |a Children with autism: diagnosis and interventions to meet their needs 
300 |a 228 p 
942 |c BK 
945 |d 20010119 00:00:00  |a cmena 
260 |a Londres  |b Jessica Kingsley  |c 1996 
650 0 |a Autismo  |9 307911 
650 0 |a Trastornos de la personalidad   |9 307698 
650 7 |a PSICOPATOLOGIA INFANTIL  |2 CL-VaPUC  |9 307474 
650 0 |a Rehabilitación  |9 307382 
583 |a last modification  |c 20010119 00:00:00  |k Rodrigo Vera 
999 |c 293459  |d 293457 
952 |0 0  |1 0  |4 0  |6 618_928982000000000_TRE_1996  |7 0  |8 A  |9 345008  |a FDOPOS  |b FDOPOS  |d 2019-11-20  |i 3680940  |o 618.928982 TRE 1996  |p 3680940  |r 2025-01-22  |w 2019-11-20  |y BK  |k MLA